logo

Bir Sreshtho Munshi Abdur Rouf Library
Jhenaidah Cadet College

A Concise Bibliography For students Of English / (Record no. 4681)

MARC details
000 -LEADER
fixed length control field 00686nam a2200241 a 4500
001 - CONTROL NUMBER
JCCL Control Number 4681
003 - CONTROL NUMBER IDENTIFIER
JCCL marc code BD-JhCC
005 - DATE AND TIME OF LATEST TRANSACTION
control field 20171129195233.0
008 - FIXED-LENGTH DATA ELEMENTS--GENERAL INFORMATION
fixed length control field 171129s1972 bg |||| ||a| 001 0 eng d
020 ## - INTERNATIONAL STANDARD BOOK NUMBER
International Standard Book Number 0804708045
035 ## - SYSTEM CONTROL NUMBER
system control number (BD-JhCC)4681
040 ## - CATALOGING SOURCE
Original cataloging agency BD-JhCC
Modifying agency BD-JhCC
041 ## - LANGUAGE CODE
Language code of Book eng
082 ## - DEWEY DECIMAL CLASSIFICATION NUMBER
Classification number 016.82
Author mark and Year KEN 1972
100 ## - MAIN ENTRY--PERSONAL NAME
Personal name Kinnedy, Arthur G.
245 ## - TITLE STATEMENT
Title A Concise Bibliography For students Of English /
Statement of responsibility, etc Arthur G. kinnedy and Donald B Sands
260 ## - PUBLICATION, DISTRIBUTION, ETC. (IMPRINT)
Place of publication, distribution, etc Stanford
-- California
Name of publisher, distributor, etc Stanford Univerrsity Press
Date of publication, distribution, etc 1972
300 ## - PHYSICAL DESCRIPTION
Pagination 300 p. :
Dimensions 22 cm.
650 ## - SUBJECT ADDED ENTRY--TOPICAL TERM
Topical term or geographic name as entry element English Liturature
General subdivision Bibliography
700 ## - ADDED ENTRY--PERSONAL NAME
Personal name Sands, Donald B
942 ## - ADDED ENTRY ELEMENTS (KOHA)
Source of classification or shelving scheme Dewey Decimal Classification
Koha item type Books
Holdings
Source of classification or shelving scheme Damaged status Not for loan Home library Current library Shelving location Date of accession Total Checkouts Full call number Barcode Date last seen Copy number Koha item type
Dewey Decimal Classification     JCC Rouf Library JCC Rouf Library General Stacks 11/29/2017   016.82 KEN 1972 5716 11/29/2017 C-1 Books

JCC Library | Contacts | JCC Home

Last Update on 23 September 2017
Copyright @ 2017-2020 JCC Rouf Library
Rouf Library, Jhenidah Cadet College (JCC), Bangladesh